Online
Catalog

Mercado común europeo : (Record no. 36508)

MARC details
000 -CABECERA
campo de control de longitud fija 00731nam a2200205 a 4500
001 - NÚMERO DE CONTROL
campo de control 000037018
005 - FECHA Y HORA DE LA ÚLTIMA TRANSACCIÓN
campo de control 20200930080103.0
008 - DATOS DE LONGITUD FIJA--INFORMACIÓN GENERAL
campo de control de longitud fija 120208s1972 ag 000 0 spa d
040 ## - FUENTE DE LA CATALOGACIÓN
Centro catalogador/agencia de origen DO-SdBNP
Lengua de catalogación spa
Centro/agencia transcriptor BNPHU
082 ## - NÚMERO DE LA CLASIFICACIÓN DECIMAL DEWEY
Número de clasificación xxxx
Número de documento/Ítem J54
100 1# - ENTRADA PRINCIPAL--NOMBRE DE PERSONA
Nombre de persona Jensen, Finn B.
9 (RLIN) 63420
240 10 - TÍTULO UNIFORME
Título uniforme The common market
Lenguaje de la obra Español
245 10 - MENCIÓN DE TÍTULO
Título Mercado común europeo :
Resto del título integración económica de un continente /
Mención de responsabilidad, etc. Finn B. Jensen, Ingo Walter; traducido por Inés Haydeé Hülse y José Clementi.
260 ## - PUBLICACIÓN, DISTRIBUCIÓN, ETC.
Lugar de publicación, distribución, etc. Argentina :
Nombre del editor, distribuidor, etc. Ediciones Troquel,
Fecha de publicación, distribución, etc. 1972.
300 ## - DESCRIPCIÓN FÍSICA
Extensión 322 p. ;
Dimensiones 23 cm.
500 ## - NOTA GENERAL
Nota general Traducido del inglés
700 1# - PUNTO DE ACCESO ADICIONAL--NOMBRE DE PERSONA
Nombre de persona Walter, Ingo
9 (RLIN) 63421
700 1# - PUNTO DE ACCESO ADICIONAL--NOMBRE DE PERSONA
Nombre de persona Hülse, Inés Haydeé,
Término indicativo de función/relación tr.
9 (RLIN) 63422
700 1# - PUNTO DE ACCESO ADICIONAL--NOMBRE DE PERSONA
Nombre de persona Clementi, José,
Término indicativo de función/relación tr.
9 (RLIN) 41126
Holdings
Estado de retiro Estado de pérdida Restricciones de uso No para préstamo Código de colección Localización permanente Ubicación/localización actual Ubicación en estantería Fecha de adquisición Número de inventario Total de préstamos Signatura topográfica completa Código de barras Fecha visto por última vez Precio válido a partir de Tipo de ítem Koha
        Monografías: Libros y Folletos General General Orden iniciada 08.02.2012 LF1   xxxx J54 37018-10 25.06.2020 25.06.2020 No se presta

Powered by Koha